000 02866cam a2200193 a 4500
999 _c8002
_d8002
020 _a0323028659
050 0 4 _aRG951
_b.W87
245 0 0 _aMaternal child nursing care /
_cDonna L. Wong ... [et al.]
250 _a3rd ed.
260 _aSt. Louis, Mo. :
_bMosby Elsevier,
_cc2006.
300 _axxii, 1993 p. :
_bill. (chiefly col.) ;
_c29 cm. +
_e1 CD-ROM (4 3/4 in.).
500 _aIncludes tables.
500 _aRev. ed. of: Maternal child nursing care / Donna L. Wong. 2nd ed. 2002.
505 0 _a1. Contemporary maternity nursing -- 2. The family and culture -- 3. Community and home care -- 4. Health promotion and prevention -- 5. Health assessment -- 6. Common health problems -- 7. Infertility, contraception, and abortion -- 8. Genetics, conception, and fetal development -- 9. Assessment for risk factors -- 10. Anatomy and physiology of pregnancy -- 11. Nursing care during pregnancy -- 12. Maternal and fetal nutrition -- 13. Pregnancy at risk : preexisting conditions -- 14. Pregnancy at risk : gestational conditions -- 15. Labor and birth processes -- 16. Management of discomfort -- 17. Fetal assessment during labor -- 18. Nursing care during labor and birth -- 19. Labor and birth at risk -- 20. Maternal physiologic changes -- 21. Nursing care during the fourth trimester -- 22. Transition to parenthood -- 23. Postpartum complications -- 24. Physiologic adaptations of the newborn -- 25. Nursing care of the newborn -- 26. Newborn nutrition and feeding -- 27. Infants with gestational age-related problems -- 28. The newborn at risk : acquired and congenital problems -- 29. Contemporary pediatric nursing -- 30. Community-based nursing care of the child and family -- 31. Family influences on child health promotion -- 32. Social, cultural, and religious influences on child health promotion -- 33. Developmental influences on child health promotion -- 34. Communication and health assessment of the child and family -- 35. Physical and developmental assessment of the child -- 36. The infant and family -- 37. The toddler and family -- 38. The preschooler and family -- 39. The school-age child and family -- 40. The adolescent and family -- 41. Chronic illness, disability, and end-of-life care -- 42. Cognitive and sensory impairment -- 43. Family-centered home care -- 44. Reaction to illness and hospitalization -- 45. Pediatric variations of nursing interventions -- 46. Respiratory dysfunction -- 47. Gastrointestinal dysfunction -- 48. Cardiovascular dysfunction -- 49. Hematologic and immunologic dysfunction -- 50. Genitourinary dysfunction -- 51. Cerebral dysfunction -- 52. Endocrine dysfunction -- 53. Integumentary dysfunction -- 54. Musculoskeletal or articular dysfunction -- 55. Neuromuscular or muscular dysfunction.
650 0 _aMaternity nursing.
650 0 _aPediatric nursing.
700 1 2 _aWong, Donna L.,
942 _cBK